| 000 | 00576nam a22002057a 4500 | ||
|---|---|---|---|
| 999 |
_c7803 _d7803 |
||
| 001 | 4063 | ||
| 003 | BD-DhUAP | ||
| 005 | 20210201155054.0 | ||
| 008 | 201220s2002 ii a b 001 0 eng | ||
| 020 | _a0023544600 | ||
| 040 |
_aDLC _cDLC _dBD-DhUAP _beng |
||
| 082 | 0 | 0 |
_a624.171 HIB _223 |
| 100 | _aHibbeler, Russell C. | ||
| 245 | 1 | 0 |
_aStructural analysis / _cRussell C. Hibbeler. |
| 260 |
_aNew York : _bMacmillan, _cc1985. |
||
| 300 |
_a527 pages : _billustrations ; _c24 cm. |
||
| 500 | _aIncludes index. | ||
| 650 | 0 | _aStructural analysis (Engineering). | |
| 942 |
_2ddc _cBK |
||